000 00837nas a2200265 4500
001 BR0204084
003 BR-BrBNA
005 20231205103159.0
007 ta
008 230509b bl.|||p| |||| 00| 00por d
040 _aBR-BrBNA
_bpor
_cBiblioteca Nacional de Agricultura
041 _a(Pt)
072 _aP33
100 1 _aValeriano, M.M.
100 1 _aPrado, H.
245 1 _aTécnicas de geoprocessamento e de amostragem para o mapeamento de atributos anisotrópicos do solo
650 _aLATOSSOLO VERMELHO ESCURO
650 _aAMOSTRAGEM
650 _aARGILA
650 _aANISOTROPIA
650 _aMÉTODO ESTATÍSTICO
773 0 _tRevista Brasileira de Ciência do Solo (Brazil)
_xISSN 0100-0683
_g(Oct-Dec 2001), v. 25(4) p. 997-1005
_wBR0204084
909 _a202311
_bLúcia
_c55
_dLúcia Elande
942 _2AGRIS
_n0
_cANA
999 _c171521
_d171521